Where's That US City? Map Click #4 - Statistics

General Stats
  • This quiz has been taken 950 times
  • The average score is 13 of 25
Answer Stats
Hint Answer % Correct
Where is... Newark?
79%
Where is... Jackson?
72%
Where is... Atlantic City?
69%
Where is... Dayton?
64%
Where is... Syracuse
64%
Where is... Chattanooga?
61%
Where is... Anaheim?
60%
Where is... Fairbanks?
60%
Where is... Flint?
58%
Where is... Virginia Beach?
58%
Where is... Carson City?
56%
Where is... Waco?
56%
Where is... Las Cruces?
54%
Where is... Cedar Rapids?
52%
Where is... Duluth?
51%
Where is... Casper?
51%
Where is... Bangor?
47%
Where is... Salem? (not the witch trials one!)
44%
Where is... Sarasota?
41%
Where is... Mesa?
38%
Where is... Laredo?
32%
Where is... Minot?
28%
Where is... Port St. Lucie?
28%
Where is... Muskogee?
23%
Where is... Topeka?
18%
No matching quizzes found
Score Distribution
Percent of People with Each Score
Percentile by Number Answered
Your Score History
You have not taken this quiz